Teile von einer tierischen Zelle mit einer Karte - Statistiken

Allgemein
  • Dieses Quiz wurde 375 mal gespielt
  • Das Durchschnittsergebnis liegt bei 7 aus 24
Antworten auf der Karte
Die Antworten werden auf der Karte rot bzw. grün angezeigt, abhängig davon wie oft sie richtig erraten wurden.
 
Antwortstatistiken
% Korrekt
Zellkern
96%
Mitochondrien
84%
Zellmembran
78%
Golgi-Apparat
64%
Ribosomen
61%
Cytosol
41%
Raues endoplasmatisches Retikulum
31%
Lysosomen
30%
Vakuole
29%
Vesikel
29%
Glattes endoplasmatisches Retikulum
27%
Nukleolus
18%
Cytoskelett
17%
Peroxisomen
14%
Kernhülle
13%
Kernpore
11%
Mikrotubuli
11%
Chromatin
10%
Karyoplasma
7%
Mikrofilamente
7%
Zentrosom
7%
Intermediärfilamente
4%
Mikrovilli
3%
Zilien / Flagellen
2%
Keine übereinstimmenden Quizze gefunden
Verteilung der Resultate
Anzahl Personen mit jedem Resultat
Perzentil nach korrekt beantworteten Fragen
Ihre Resultats-Entwicklung
Sie haben dieses Quiz noch nicht gespielt